| 000 | 00474nam a2200193Ia 4500 | ||
|---|---|---|---|
| 001 | 55289 | ||
| 008 | 120912n ii |||gr||||Z||||||465 | ||
| 020 | _a8189012487 | ||
| 082 | _a910.03 | ||
| 245 | 0 |
_aHuman Geography _cJ.K.Verma _hTextual Documents |
|
| 250 | _aIst ed. | ||
| 260 |
_bGnosis , _c2008. |
||
| 300 |
_a209pg: _c23cm. |
||
| 653 | _aGeography | ||
| 653 | _aHuman Geography | ||
| 653 | _aPG- Geography | ||
| 700 |
_aVerma , J.K., _eAuthor., |
||
| 942 |
_2ddc _cBK |
||
| 999 |
_c55222 _d55222 |
||